LEADER 01145nam0 22003133i 450 001 VAN00122605 005 20240806100811.291 010 $a88-04-34971-9 100 $a20190711d1991 |0itac50 ba 101 $aita 102 $aIT 105 $a|||| ||||| 200 1 $aBagdad$fFabrizio del Noce$gprefazione di Ilario Fiore$gintroduzione di Bruno Vespa 205 $a11. ed 210 $aRoma$cNuova ERI ; Milano$cA. Mondadori$d1991 215 $aXI, 235 p.$d22 cm. 620 $dMilano$3VANL000284 620 $dRoma$3VANL000360 700 1$aDel Noce$bFabrizio$3VANV000693$0725052 702 1$aFiore$bIlario$3VANV094113 702 1$aVespa$bBruno$3VANV005346 712 $aMondadori $3VANV108005$4650 712 $aNuova ERI$3VANV112692$4650 801 $aIT$bSOL$c20251114$gRICA 899 $aBIBLIOTECA DEL DIPARTIMENTO DI LETTERE E BENI CULTURALI$1IT-CE0103$2VAN07 912 $aVAN00122605 950 $aBIBLIOTECA DEL DIPARTIMENTO DI LETTERE E BENI CULTURALI$d07CONS Vf 542 $e07UBL1200 20190711 $sBuono 996 $aBagdad$91557432 997 $aUNICAMPANIA